000 00614nam a2200229Ia 4500
003 OSt
005 20221007080628.0
006 a|||||r|||| 00| 0
007 ta
008 221006b |||||||| |||| 00| 0 eng d
024 _a16,800
037 _cTextual
040 _aFLL
_cFLL
_beng
041 _2eng
_aeng
082 _aY1:45:62, G1
100 _aGillin John Lewis Au.
_9695098
245 0 _aTaming the criminal
260 _aNew Jersey
_b Patterson Smith U.S.A.
_c1931
300 _a318p
_ccm.
942 _hY1:45:62, G1
_cTEXL
_2CC
999 _c1160349
_d1160349